| 000 | 00503pab a2200181 454500 | ||
|---|---|---|---|
| 008 | 180718b2004 xxu||||| |||| 00| 0 eng d | ||
| 100 | _aShah, Tushar | ||
| 245 | _aIrrigation institutions in a dynamic economy: what is China doing differently from India | ||
| 260 | _c2004 | ||
| 300 | _ap.3452-461. | ||
| 362 | _a31 Jul | ||
| 650 | _aIrrigation - India | ||
| 650 | _aIrrigation | ||
| 700 | _aWang, Jinxia | ||
| 700 | _aGiordano, Mark | ||
| 773 | _aEconomic and Political Weekly | ||
| 909 | _a61954 | ||
| 999 |
_c61954 _d61954 |
||